000 00456nam a2200133Ia 4500
008 100328s9999 xx 000 0 und d
082 _b12412
100 _aवरेरकर भार्गवराम विठ्ठल
245 _aमाझा नाटकी संसार
260 _bप्रशांत
630 _aमाझा नाटकी संसार
730 _aमाझा नाटकी संसार
942 _cBOOK
999 _c507667
_d507664